000 00314nam a22001457a 4500
008 210302b ||||| |||| 00| 0 eng d
020 _a9780618843466
041 _aeng
080 _25th
_a510
082 _a510
100 _a36
101 _aMAT
245 _aCollege Algebra
_cAufmann, R. N
942 _2udc
_cBK
999 _c55524
_d55524